Statistics for Geography starting with D

Click here to take the quiz!

General Stats

  • This quiz has been taken 42 times
  • The average score is 5 of 10

Answer Stats

LettersClueAnswer% Correct
7Scandinavian countryDenmark
97%
4Middle East capitalDoha
87%
5Capital of BangladeshDhaka
79%
6Capital of Northern TerritoryDarwin
62%
10Capital of North Rhine WestphaliaDusseldorf
62%
11Tanzanias most populated cityDar es Salaam
46%
8Capital of former Soviet nationDushanbe
44%
9Element 110 is named after this German cityDarmstadt
23%
12River in Maine meaning river of many fishesDamariscotta
0%
13Main Island of Deserta Island archipelago of Madeira PortugalDeserta Grande
0%

Score Distribution

Percentile by Number Answered

Percent of People with Each Score

Your Score History

You have not taken this quiz